Độc học, môi trường và sức khoẻ con người

Gorde:
Xehetasun bibliografikoak
Egile nagusia: Trịnh Thị Thanh.
Formatua: Liburua
Hizkuntza:Vietnamese
Argitaratua: Đại học Quốc gia Hà Nội 2000
Etiketak: Etiketa erantsi
Etiketarik gabe, Izan zaitez lehena erregistro honi etiketa jartzen!
Thư viện lưu trữ: Mạng thư viện Đại học Đà Nẵng
LEADER 00673nam a2200253 4500
001 000021276
003 17723
005 20150416140427.0
008 150416s2000 viesd
020 |c 13000 
041 0 |a vie 
082 1 4 |a 363.7  |b TR-T 
100 1 |a Trịnh Thị Thanh. 
245 1 0 |a Độc học, môi trường và sức khoẻ con người  |c Trịnh Thị Thanh. 
260 |b Đại học Quốc gia Hà Nội  |c 2000 
300 |a tr.  |c cm. 
OWN |a LSP 
999 |a From the UDN01 
TYP |a Monograph 
TYP |a Printed language 
980 |a Mạng thư viện Đại học Đà Nẵng